| 000 | 00000nam 2200000za 4500 |
| 001 | 9.846372 |
| 003 | CaOODSP |
| 005 | 20221107153204 |
| 007 | cr ||||||||||| |
| 008 | 171031s1934 onc |o||||f|0| 0|fre d |
| 040 | |aCaOODSP|bfre |
| 041 | |afre|aeng |
| 043 | |an-cn--- |
| 086 | 1 |aCS63-D-87/1934-PDF |
| 245 | 00|aRetail services in Canada, 1930 |h[ressource électronique]. |
| 246 | 15|aServices de détail au Canada, 1930 |
| 260 | |aOttawa : |bBureau fédéral de la statistique, |c1934. |
| 300 | |a26 p. |
| 500 | |aÉdition numérisée de l'imprimé [par Statistique Canada]. |
| 500 | |aTitre de la couv. |
| 546 | |aTexte en français et en anglais avec p. de titre addit. |
| 692 | 07|2gccst|aCommerce de détail |
| 710 | 1 |aCanada. |bBureau fédéral de la statistique. |
| 791 | |tRetail services in Canada, 1930 |eeng|w(CaOODSP)9.846286 |
| 856 | 40|qPDF|s4.73 Mo|uhttps://publications.gc.ca/collections/collection_2017/statcan/CS63-D-87-1934.pdf |
| 986 | |a63-D-87 |